000 00399nam a22001571a 4500
020 _a9788176751544
082 _aH300 9
_bMAD/Y
100 _aMadhuresh
245 _aYashpal:
_brachanatmak punarvas ki ek koshish/
_cby Madhuresh
260 _aHariyana:
_bAadhar,
_c2006.
300 _a336p.
650 _aNovel Hindi Criticism
650 _aLiterature Hindi
650 _aLiterature
942 _cBK
999 _c51609
_d51609